| 000 | 00488nmm a2200157Ia 4500 | ||
|---|---|---|---|
| 008 | 251105s9999||||xx |||||||||||||||||und|| | ||
| 041 | _aspa | ||
| 100 | _aLópez Fernández, Pablo | ||
| 245 | 0 | _aFontanería y uso racional del agua | |
| 264 |
_a[Madrid, España] : _bMinisterio de Educación, Cultura y Deporte de España, _c2013 |
||
| 300 | _a345 páginas | ||
| 490 | _aAula Mentor | ||
| 650 | _aEngineering | ||
| 856 | _uhttps://public.digitaliapublishing.com/a/30224 | ||
| 942 | _cCF | ||
| 999 |
_c98425 _d98425 |
||